Welcome to CU Library Online Public Access Catalogue (OPAC)

Basic writings : (Record no. 3887)

MARC details
000 -LEADER
fixed length control field 00842pam a2200217 a 4500
001 - CONTROL NUMBER
control field 2962786
005 - DATE AND TIME OF LATEST TRANSACTION
control field 20250214191850.0
008 - FIXED-LENGTH DATA ELEMENTS--GENERAL INFORMATION
fixed length control field 910903s1993 cau b 000 0 eng
020 ## - INTERNATIONAL STANDARD BOOK NUMBER
International Standard Book Number 0060637633 (acidfree paper) :
Terms of availability $15.00 (Canada $20.00) (UK £9.99)
020 ## - INTERNATIONAL STANDARD BOOK NUMBER
International Standard Book Number 9780060637637
041 1# - LANGUAGE CODE
Language code of text/sound track or separate title eng
Language code of original ger
050 00 - LIBRARY OF CONGRESS CALL NUMBER
Classification number B3279.H47
Item number E5 1992
082 00 - DEWEY DECIMAL CLASSIFICATION NUMBER
Classification number 193
Edition information 20
100 1# - MAIN ENTRY--PERSONAL NAME
Personal name Heidegger, Martin,
Dates associated with a name 1889-1976.
245 10 - TITLE STATEMENT
Title Basic writings :
Remainder of title from Being and time (1927) to The task of thinking (1964) /
Statement of responsibility, etc. Martin Heidegger ; edited, with general introduction and introductions to each selection by David Farrell Krell.
250 ## - EDITION STATEMENT
Edition statement Rev. and expanded ed.
260 ## - PUBLICATION, DISTRIBUTION, ETC.
Place of publication, distribution, etc. [San Francisco, Calif.] :
Name of publisher, distributor, etc. HarperSanFrancisco,
Date of publication, distribution, etc. c1993.
300 ## - PHYSICAL DESCRIPTION
Extent xii, 452 p. ;
Dimensions 21 cm.
700 1# - ADDED ENTRY--PERSONAL NAME
Personal name Krell, David Farrell.
942 ## - ADDED ENTRY ELEMENTS (KOHA)
Source of classification or shelving scheme Library of Congress Classification
Koha item type Books
Edition Rev. and Expanded ed.
Suppress in OPAC No
999 ## -
-- 3887
-- 3887
Holdings
Withdrawn status Lost status Source of classification or shelving scheme Damaged status Not for loan Collection Home library Current library Shelving location Date acquired Total checkouts Full call number Barcode Date last seen Copy number Price effective from Koha item type
    Library of Congress Classification     Non-fiction Business Library (Miotso) Business Library (Miotso) General stacks 02/14/2025   B3279.H47 E5 1992 BSSM00000825 02/14/2025 1 02/14/2025 Books
© 2023-2024 Copyright: Central University Libraries. All Rights Reserved | Created by: Mahone Tech Office